Adoleszenz und Trauma
| Contributors: | |
|---|---|
| Format: | Print Book |
| Language: | German |
| Published: |
Göttingen
Vandenhoeck und Ruprecht
1998
|
| In: | Year: 1998 |
| Online Access: |
Table of Contents Table of Contents |
| Availability in Tübingen: | Present in Tübingen. IFK: M VI 157 |
| Check availability: | HBZ Gateway |
| Subito Delivery Service: | Order now. |
| Keywords: |
MARC
| LEADER | 00000cam a2200000 c 4500 | ||
|---|---|---|---|
| 001 | 236894463 | ||
| 003 | DE-627 | ||
| 005 | 20260206193211.0 | ||
| 007 | tu | ||
| 008 | 971124s1998 gw ||||| 00| ||ger c | ||
| 015 | |a 97,N49,0104 |2 dnb | ||
| 015 | |a 98,A16,0228 |2 dnb | ||
| 016 | 7 | |a 952085275 |2 DE-101 | |
| 020 | |a 3525458134 |c kart. : DM 48.00, sfr 44.50, S 350.00 |9 3-525-45813-4 | ||
| 035 | |a (DE-627)236894463 | ||
| 035 | |a (DE-603)054966655 | ||
| 035 | |a (DE-576)062908626 | ||
| 035 | |a (DE-599)DNB952085275 | ||
| 035 | |a (OCoLC)263653788 | ||
| 035 | |a (OCoLC)40289459 | ||
| 040 | |a DE-627 |b ger |c DE-627 |e rakwb | ||
| 041 | |a ger | ||
| 044 | |c XA-DE-NI | ||
| 060 | 0 | |a WS 462 | |
| 082 | 0 | 4 | |a 11 |q dnb |
| 084 | |a PSY 330,9 |2 sfb | ||
| 084 | |a 11 |2 sdnb | ||
| 084 | |a CU 3040 |2 rvk |0 (DE-625)rvk/19105: | ||
| 084 | |a CU 8100 |2 rvk |0 (DE-625)rvk/19131: | ||
| 084 | |a CU 4000 |2 rvk |0 (DE-625)rvk/19113: | ||
| 084 | |a YH 7424 |2 rvk |0 (DE-625)rvk/153575:12930 | ||
| 084 | |a 77.56 |2 bkl | ||
| 245 | 0 | 0 | |a Adoleszenz und Trauma |c Annette Streeck-Fischer (Hg.) |
| 263 | |a kart. : ca. DM 48.00, ca. sfr 44.50, ca. S 350.00 | ||
| 264 | 1 | |a Göttingen |b Vandenhoeck und Ruprecht |c 1998 | |
| 300 | |a 259 S. |b Ill., graph. Darst. |c 21 cm | ||
| 336 | |a Text |b txt |2 rdacontent | ||
| 337 | |a ohne Hilfsmittel zu benutzen |b n |2 rdamedia | ||
| 338 | |a Band |b nc |2 rdacarrier | ||
| 361 | 1 | |5 DE-32 |y 759629145 |s CU 4000 S914 |o Vorbesitz |a Vandenhoeck & Ruprecht |0 (DE-588)2024420-4 |0 (DE-627)102163758 |0 (DE-576)191770086 |f Stempel | |
| 500 | |a Literaturverz. S. 224 - 257 | ||
| 505 | 8 | |a Literaturverz. S. 224 - 257 | |
| 505 | 8 | |a Literaturverz. S. 224 - 257 | |
| 583 | 1 | |a Archivierung/Langzeitarchivierung gewährleistet |f PENI |x XA-DE-NI |2 pdager |5 DE-35 | |
| 650 | 0 | |a Wounds and injuries |x Psychology |x In adolescence | |
| 650 | 0 | |a Adolescent Psychology | |
| 650 | 2 | |a Adolescent Psychology | |
| 650 | 2 | |a Post-Traumatic | |
| 650 | 2 | |a Violence |x in infancy & childhood | |
| 650 | 4 | |a Trauma, Erfahrung, Psychotherapie, Entwicklungspsychologie, Biologie, Abbildung, Bindung, Erinnerung, Störung | |
| 655 | 7 | |a Aufsatzsammlung |0 (DE-588)4143413-4 |0 (DE-627)105605727 |0 (DE-576)209726091 |2 gnd-content | |
| 689 | 0 | 0 | |d s |0 (DE-588)4072431-1 |0 (DE-627)10609520X |0 (DE-576)209186984 |a Heranwachsender |2 gnd |
| 689 | 0 | 1 | |d s |0 (DE-588)4060749-5 |0 (DE-627)106138529 |0 (DE-576)209136456 |a Psychisches Trauma |2 gnd |
| 689 | 0 | |5 DE-101 | |
| 689 | 1 | 0 | |d s |0 (DE-588)4028859-6 |0 (DE-627)104419199 |0 (DE-576)208979859 |a Jugend |2 gnd |
| 689 | 1 | 1 | |d s |0 (DE-588)4060748-3 |0 (DE-627)106138537 |0 (DE-576)209136448 |a Trauma |2 gnd |
| 689 | 1 | |5 (DE-627) | |
| 700 | 1 | |a Streeck-Fischer, Annette |d 1946- |e Hrsg. |0 (DE-588)118186868 |0 (DE-627)079294065 |0 (DE-576)177815450 |4 edt | |
| 856 | 4 | 2 | |u http://www.gbv.de/dms/hebis-darmstadt/toc/54966655.pdf |m V:DE-603 |m B:DE-17 |q pdf/application |x Verlag |y Inhaltsverzeichnis |3 Inhaltsverzeichnis |7 1 |
| 856 | 4 | 2 | |u http://scans.hebis.de/HEBCGI/show.pl?05496665_toc.pdf |m V:DE-603;B:DE-17 |q application/pdf |3 Inhaltsverzeichnis |7 1 |
| 935 | |i Blocktest | ||
| 935 | |h HEB |i 0501 | ||
| 935 | |h HEB |i 0503 | ||
| 936 | r | v | |a CU 3040 |b Posttraumatische Belastungsstörung, Kritische Lebensereignisse, Stress. Bewältigung |k Psychologie |k Klinische Psychologie |k Psychische Störungen |k Posttraumatische Belastungsstörung, Kritische Lebensereignisse, Stress. Bewältigung |0 (DE-627)127158171X |0 (DE-625)rvk/19105: |0 (DE-576)20158171X |
| 936 | r | v | |a CU 8100 |b Kinderpsychotherapie, Jugendpsychotherapie |k Psychologie |k Klinische Psychologie |k Psychologische Behandlungsmethoden, Psychotherapie |k Kliententypen |k Kinderpsychotherapie, Jugendpsychotherapie |0 (DE-627)1270857088 |0 (DE-625)rvk/19131: |0 (DE-576)200857088 |
| 936 | r | v | |a CU 4000 |b Spezielle Verhaltensstörungen und Symptome |k Psychologie |k Klinische Psychologie |k Psychische Störungen |k Spezielle Verhaltensstörungen und Symptome |0 (DE-627)1270710176 |0 (DE-625)rvk/19113: |0 (DE-576)200710176 |
| 936 | r | v | |a YH 7424 |b Im Kindesalter (bis zu 14 Jahren) |k Medizin |k Psychiatrie, Medizinische Psychologie |k Spezielle Psychiatrie |k Neurosen |k Ursächlich umschriebene krankhafte Reaktionen: Schreckreaktion, traumatische Begehrungsneurose, Pensionsneurose, Rentenneurose, Unfallneurose, Kriegsneurose, Erwartungsneurose, Folie à deux |k A. Formalschlüssel |k Allgemeine Literatur zu einem Hauptgebiet |k Im Kindesalter (bis zu 14 Jahren) |0 (DE-627)1272086364 |0 (DE-625)rvk/153575:12930 |0 (DE-576)202086364 |
| 936 | b | k | |a 77.56 |j Jugendpsychologie |0 (DE-627)106413198 |
| 936 | s | n | |a c200 |2 mzub |
| 936 | s | n | |a w200 |2 mzub |
| 951 | |a BO | ||
| ELC | |b 1 | ||
| LOK | |0 000 xxxxxcx a22 zn 4500 | ||
| LOK | |0 001 3221322526 | ||
| LOK | |0 003 DE-627 | ||
| LOK | |0 004 236894463 | ||
| LOK | |0 005 19990619000000 | ||
| LOK | |0 008 980727||||||||||||||||ger||||||| | ||
| LOK | |0 040 |a DE-21-110 |c DE-627 |d DE-21-110 | ||
| LOK | |0 852 |a DE-21-110 | ||
| LOK | |0 852 1 |c M VI 157 |m p |9 00 | ||
| LOK | |0 935 |a k110 | ||
| LOK | |0 936ln |a 8.6.5 | ||
| LOK | |0 938 |k p | ||
| LOK | |0 939 |a 27-07-98 |b l01 | ||
| ORI | |a SA-MARC-krimdoka001.raw | ||
| SIG | |a IFK: M VI 157 | ||
